000
00289nam a2200133Ia 4500
008
230312s9999||||xx |||||||||||||| ||und||
082
_a
658.3
_b
SER
245
0
_a
Cole-Parmer
260
_b
Cole Parmer
_a
USA
_c
2007.08
300
_a
2128
546
_a
Eng.
650
_a
Management
942
_c
BK
999
_c
789
_d
789